| 000 | 00576nam a2200193Ia 4500 | ||
|---|---|---|---|
| 003 | OSt | ||
| 005 | 20240715151548.0 | ||
| 008 | 210210b1963 xxu||||| |||| 00| 0 eng d | ||
| 040 | _cAL | ||
| 041 | _akan | ||
| 082 | _a859/292 | ||
| 100 |
_aKANAN DAIL ARTHUR _9148854 _dಕಾನನ್ ಡಾಯ್ಲ್ ಆರ್ಥರ್ |
||
| 245 |
_aBayalagada rahasya _bಬಯಲಾಗದ ರಹಸ್ಯ |
||
| 260 |
_aBengaluru _bIndira Prakashana _c1963 |
||
| 690 |
_aKannada Fiction _9148855 |
||
| 700 |
_aMurti _dಮೂರ್ತಿ _9173543 |
||
| 906 | _a021165 | ||
| 942 |
_2ddc _cBK |
||
| 999 |
_c145227 _d145227 |
||